00682nam a2200217Ia 4500003000400000005001700004008004100021020001900062040000700081041000800088082001600096100003100112245005400143260004800197300000900245650002200254700002000276942001300296999001900309952013600328OSt20250804094003.0250729s2005 xx 000 0 und d a978-8171418008 cAL aeng a371.91 REDH aReddy G Lokhananda9220812 aHearing impairment: an educational consideration  aNew DelhibDiscovery Publishing Housec2005 a292p aEducation9220813 aRamar R9220814 2ddccBED c234741d234741 001040708BEDaALbALd2025-07-29eSita Book Houseg165.00l0o371.91 REDHpBED00060r2025-07-29 16:53:25v165.00w2025-07-29yBK